000 00497nam a2200169Ia 4500
003 GCL
008 140319s9999 xx 000 0 ara d
040 _aGCL /
_cGCL
082 0 4 _a923.1
_bم ع
100 1 _aمحمد عمارة
245 1 0 _aعمر بن عبدالعزيز: خامس الخلفاء الراشدين /
_cمحمد عمارة
300 _a162 ص
490 _aكتاب الهلال
_v0
650 0 4 _aالتراجم
650 0 4 _aعمر بن عبد العزيز
942 _2ddc
_cBK
999 _c42371
_d42371